Top 30 Biggest Cities by Total Land Area - Statistics

General Stats
  • This quiz has been taken 44 times
  • The average score is 22 of 30
Answer Stats
Country Answer Area (Kilometers) % Correct
Japan Tokyo 13,572
98%
China Beijing 16,410
95%
India New Delhi 1,484
95%
United States New York City 1,213
93%
Australia Sydney 12,367
93%
United States Dallas 997
88%
United States Los Angeles 1,302
88%
Mexico Mexico City 1,485
88%
India Mumbai 603
88%
United States Chicago 606
85%
United States Houston 1,651
83%
Australia Melbourne 9,962
83%
Canada Toronto 630
83%
Australia Brisbane 5,950
80%
Pakistan Karachi 3,527
78%
Canada Montreal 498
78%
Australia Perth 6,418
78%
India Kolkata 206
76%
Australia Adelaide 3,258
68%
India Hyderabad 650
68%
United States Phoenix 1,341
63%
India Bangalore 741
61%
United States San Antonio 1,207
61%
United States Austin 828
59%
China Chongqing 82,403
56%
United States Jacksonville 2,256
49%
United States Oklahoma City 1,606
39%
United States Columbus 581
32%
United States Indianapolis 953
24%
United States Nashville 1,302
24%
No matching quizzes found
Score Distribution
Percent of People with Each Score
Percentile by Number Answered
Your Score History
You have not taken this quiz